000 00656nam a22002057a 4500
999 _c6301
_d6301
003 OSt
005 20210410120334.0
008 190904b ||||| |||| 00| 0 eng d
020 _a9780199730728
040 _cDDC
082 _a546.22 BRE 2011
100 _aBrezonik, Patrick L.; Arnold, William A.
_912923
245 _aWater Chemistry: an introduction to the chemistry of natural and engineering aquatic systems
260 _aOxford University Press,
_c2011
300 _axxiv,782p;
_bill:
_c24cm
504 _aReferences, appendix, & index included
650 _aWater chemistry
_912924
650 _a Aquatic engineering
_914063
942 _2z
_cB_BANK